书目信息 |
| 题名: |
国家形象对外宣传论文集
|
|
| 作者: | ;国家广播电影电视总局人事司 , 中国国际广播电台人事办公室 主编 | |
| 分册: | ||
| 出版信息: | 北京 中国国际广播出版社 2009.07 |
|
| 页数: | 15,211页 | |
| 开本: | 24cm | |
| 丛书名: | ||
| 单 册: | ||
| 中图分类: | D261.5-53 , D820-53 | |
| 科图分类: | ||
| 主题词: | 中国对外政策--宣传工作--文集 , 中国对外政策 , 宣传工作 | |
| 电子资源: | ||
| ISBN: | 978-7-5078-2826-9 | |
| 000 | 01124nam0 2200277 450 | |
| 001 | 010010039902 | |
| 005 | 20130627092711.82 | |
| 010 | @a978-7-5078-2826-9@dCNY39.00 | |
| 100 | @a20090828d2009 em y0chiy0110 ea | |
| 101 | 0 | @achi |
| 102 | @aCN@b110000 | |
| 105 | @ay z 000yy | |
| 106 | @ar | |
| 200 | 1 | @a国家形象对外宣传论文集@9guo jia xing xiang dui wai xuan chuan lun wen ji@f国家广播电影电视总局人事司,中国国际广播电台人事办公室主编 |
| 210 | @a北京@c中国国际广播出版社@d2009.07 | |
| 215 | @a15,211页@d24cm | |
| 330 | @a本书内容包括:地方媒体在国家形象宣传上也可以大有作为、创新电视传播策略 提升中国国家形象、推进电视对外传播的“本土化”改造、论新闻采编中的“政治正确性”等。 | |
| 606 | 0 | @a中国对外政策@x宣传工作@j文集 |
| 606 | 0 | @a中国对外政策 |
| 606 | 0 | @a宣传工作 |
| 690 | @aD261.5-53@v4 | |
| 690 | @aD820-53@v4 | |
| 711 | 02 | @a国家广播电影电视总局人事司@9guo jia guang bo dian ying dian shi zong ju ren shi si@4主编 |
| 711 | 02 | @a中国国际广播电台人事办公室@9zhong guo guo ji guang bo dian tai ren shi ban gong shi@4主编 |
| 801 | 0 | @aCN@bRENTIAN@c20090828 |
| 905 | @b546208-12@dD261.5-53@e239@f5 | |
| 国家形象对外宣传论文集/国家广播电影电视总局人事司,中国国际广播电台人事办公室主编.-北京:中国国际广播出版社,2009.07 |
| 15,211页;24cm |
| ISBN 978-7-5078-2826-9:CNY39.00 |
| 本书内容包括:地方媒体在国家形象宣传上也可以大有作为、创新电视传播策略 提升中国国家形象、推进电视对外传播的“本土化”改造、论新闻采编中的“政治正确性”等。 |
| ● |
| 相关链接 |
|
|
|
|
正题名:国家形象对外宣传论文集
索取号:D261.5-53/239
 
预约/预借
| 序号 | 登录号 | 条形码 | 馆藏地/架位号 | 状态 | 备注 |
| 1 | 546208 | 205462088 | 第一样本阅览室/ [索取号:D261.5-53/239] | 在馆 | |
| 2 | 546209 | 205462097 | 第一借阅区/ [索取号:D261.5-53/239] | 在馆 | |
| 3 | 546210 | 205462104 | 第一借阅区/ [索取号:D261.5-53/239] | 在馆 | |
| 4 | 546211 | 205462113 | 第一借阅区/ [索取号:D261.5-53/239] | 在馆 | |
| 5 | 546212 | 205462122 | 第一借阅区/ [索取号:D261.5-53/239] | 在馆 |